000 01192nam a2200325 a 4500
001 000109673
003 CHAP
005 20220329144059.0
008 140519s2014 mx a sm |||||||spa d
010 _a106135
011 _a107107
040 _cCHAP
090 _aTesis
100 1 _aRamírez Carrillo, Néstor Alan
_9126917
245 1 0 _aPatogenicidad de Sclerotinia sclerotiorum en 27 vegetales cultivados
_h[En línea]
_cpor Néstor Alan Ramírez Carrillo.
260 _aChapingo, Méx. :
_bEl autor,
_c2014.
500 _aPara ver el contenido del material haga clic en la liga
502 _aTesis (Ing. Agr. Esp. en Parasitología Agrícola) -- UACH. Departamento Parasitología Agrícola
590 _aBATCH-UPD
_b05
_c20141002
_lUCH01
_h0904
590 _aE5652GLJ
_b05
_c20140519
_lUCH01
_h1332
590 _aE5652GLJ
_b05
_c20140519
_lUCH01
_h1332
650 1 4 _aCultivos
_xEnfermedades por hongos.
_930265
650 1 4 _aCultivos
_xVariedades.
_930332
650 1 4 _aHongos fitopatógenos.
_956132
650 1 4 _aSclerotinia sclerotiorum.
_9103342
856 _aFinding aid
_uhttp://10.13.5.2/tesis/sist109673.pdf
_zTeclea aquí
901 _aBK
942 _cTESIS
942 _n0
999 _c106135
_d106135